Culture G #4 - Statistiques

Statistiques générales
  • Ce quiz a été pris 108 fois
  • Le résultat moyen est 11 sur 21
Statistiques - réponses
Hint Réponse % Correct
quelle espèce d’oiseau coureur endémique à l’île Maurice s’est éteint à l’heure actuelle Le dodo
83%
Titan est un satellite naturel de quelle planète Saturne
78%
qui était président de l’URSS lors de le chute du mur de Berlin Mikhaïl Gorbatchev
73%
qui est le premier homme à avoir été envoyé dans l’espace Youri Gagarine
71%
Quel était le surnom du Roi d'Angleterre Richard 1er Cœur de Lion
69%
quel dj a composé la musique de l’euro 2016 en France David Guetta
69%
qui a inventé le téléphone officiellement, en 1876 Alexander Graham Bell
68%
qui présentait question pour un champion avant Samuel Etienne Julien Lepers
67%
dans quelle pays est né Elon Musk Afrique du Sud
61%
quelle région est connu pour ses champs de tulipes La Hollande
54%
quelle est la meilleure université du monde selon le classement de Shanghai Harvard
53%
quel est le nuage le plus dangereux pour les avion Cumulonimbus
51%
quelle est la société de production des premiers films star wars LucasFilm
45%
qui est la personnalité préférée des français Jean-Jacques Goldman
44%
quelle série reprend l’univers du jeu vidéo league of legends Arcane
41%
Quelle français est le plus médaillé de l'histoire des jeux d'hiver Martin Fourcade
41%
le verbe spoiler a un équivalent en français, quel est il Divulgâcher
37%
Qui a tuer Achille dans la mythologie Pâris
28%
comment se nommait la dernière impératrice des français aussi femme de Napoleon III Eugénie
26%
qui est le seul auteur à avoir reçu deux prix Goncourt Romain Gary
25%
Qui a peint la grande vague de kanagawa Hokusai
22%
Aucun quiz correspondant
Distribution des résultats
% des personnes avec chaque résultat
Percentile par nombre de réponses
Votre historique - résultats
Vous n’avez pas pris ce quiz